000
00341nam a2200145Ia 4500
008
191201s2009 xx 000 0 und d
082
_a
658.4
_b
PAE
100
_a
PARKINSON,C. Northcote
245
0
_a
Excellence in Management
250
_a
Rep
260
_a
N. Delhi
_b
Vision Book
_c
2009
300
_a
160
650
_a
BBA
942
_2
ddc
_c
BK
999
_c
4485
_d
4485